00359pab a2200121 454500008004000000100002200040245010700062260000900169300001200178362000900190650001300199773002500212180718b1983 xxu||||| |||| 00| 0 eng d aMitchell, Neil J. aIdeology or the iron laws of industrialismbThe case of pension policy in Britain and the Soviet Union c1983 a177-201 aJan. aPensions aComparative Politics